[Event "Lloyds Bank Masters 1st"]
[Site "London"]
[Date "1977.08.31"]
[Round "9.2"]
[White "Nunn, John DM"]
[Black "Formanek, Edward W"]
[Result "1-0"]
[WhiteElo "2410"]
[BlackElo "2410"]
[Annotator "Nunn, John"]
[PlyCount "59"]
[EventDate "1977.08.26"]
[EventType "swiss"]
[EventRounds "10"]
[EventCountry "ENG"]

1. e4 e5 2. Nf3 Nc6 3. Bb5 Nf6 4. O-O Nxe4 5. d4 Be7 6. dxe5 ({An alternative
to the more usual} 6. Qe2) 6... d5 ({Formanek is following a game he had as
White against Pachman when the grandmaster gained a good position with this
move. A more solid possibility is} 6... O-O) 7. c4 a6 ({Smejkal-Smyslov,
Hastings 1971/72, went} 7... dxc4 8. Nd4 Bd7 9. Nxc6 bxc6 10. Bxc4 {with a
clear plus for White.}) 8. Ba4 dxc4 9. Nd4 Nc5 10. Bxc6+ bxc6 11. Be3 {White
reserves the option of moving the b1 N to c3 after 11...Qd5 or of going to a3
or d2 to pick up the c4-pawn.} ({Now Formanek played} 11. Nxc6 Qxd1 12. Rxd1 {
against Pachman but after} Nd3 {Black is certainly no worse. (The reference is
to Formanek-Pachman, Reggio Emilia 1975/76, 0-1, 40 moves - JS)}) 11... Bb7 ({
What else?} 11... Rb8 {loses material}) ({and} 11... O-O {is horrible after}
12. Nxc6) ({If} 11... Bd7 12. Nd2 {is possible as the Q can no longer go to d5,
}) ({Perhaps the only real alternative is} 11... a5 12. Nxc6 Qxd1 13. Rxd1 Nd3
{although after} 14. b3 Be6 15. Nd2 {White seems to have an advantage.}) 12.
Nf5 $1 {Threatening to win a piece with Qxd8+.} Qxd1 13. Rxd1 Bf8 ({After} 
13... Nd3 14. Nxg7+ Kd7 (14... Kf8 15. Bh6 Kg8 16. Nd2 $1 {so that if} Nxb2 17.
Ne4 {with a mating attack}) 15. b3 Kc8 16. Nf5 Bd8 17. bxc4 Nxe5 18. Bd4 f6 19.
Nd2 {with a large plus.}) 14. Nd2 g6 15. Nd4 c3 16. bxc3 Be7 ({Black didn't
like the look of} 16... Na4 17. Ne4 O-O-O ({note that in this line} 17... Be7 {
is answered by} 18. Nb3 {occupying c5}) 18. Bg5 {but maybe he could have clung
on with} Rd7) 17. Nc4 {Now White is winning. The threat is Na5 picking up the
c6-pawn.} a5 18. Nb3 {If Black exchanges on b3 he simply loses the a5-pawn, so
he gives up a pawn to get the b7 bishop out.} Na4 19. Ncxa5 Ba6 20. Nxc6 Nxc3
21. Rd2 {It is not so much the extra pawn as Black's crippling weaknesses on
the dark squares which contribute to his speedy defeat.} Ba3 22. Bh6 $1 Bb5 ({
After} 22... Bf8 23. Bxf8 Kxf8 24. Rd7 Bb5 25. Nbd4 Bxc6 26. Nxc6 Rxa2 27. Rxa2
Nxa2 28. Rxc7 {White wins easily.}) 23. Nbd4 Ba4 24. Re1 {Black is further
handicapped by the terrible position of his king. With his next move he tries
to get the h8 rook out with ...g5 and ...Rg6.} Rg8 25. Re3 ({Perhaps an
inaccuracy. Simply} 25. h4 {would keep Black totally tied up.}) 25... Nd5 $2 ({
A blunder. After} 25... Nb1 {(the only move)} 26. Rdd3 Bc1 27. Rh3 Bxh6 28.
Rxh6 Ra6 {Black can continue to offer resistance although White should still
win without trouble, e.g.} 29. Nb4 {heading for d5 and f6.}) 26. Rxa3 Bxc6 27.
Nxc6 Rxa3 28. Rxd5 f5 ({After} 28... Ra8 29. h4 {Black has few moves indeed!})
29. Rd8+ Kf7 30. e6+ {White comes out two pieces up. Black certainly needs a
big improvement if 6...d5 is to be rendered possible. (Sources: Nunn's notes
in the bulletin; CHESS, October 1977, Vol.43 Nos. 779-780, p15)} 1-0

[Event "Lloyds Bank Masters 1st"]
[Site "London"]
[Date "1977.08.31"]
[Round "9.4"]
[White "Torre, Eugenio"]
[Black "Basman, Michael John"]
[Result "1-0"]
[WhiteElo "2550"]
[BlackElo "2390"]
[PlyCount "129"]
[EventDate "1977.08.26"]
[EventType "swiss"]
[EventRounds "10"]
[EventCountry "ENG"]

1. e4 c6 2. d4 d5 3. Nc3 dxe4 4. Nxe4 Nf6 5. Nxf6+ gxf6 6. Nf3 h5 7. Be2 h4 8.
Be3 h3 9. g3 Bg4 10. Nd2 Qd5 11. Bf3 Bxf3 12. Qxf3 Nd7 13. c4 Qxf3 14. Nxf3 Nb6
15. b3 e6 16. Ke2 Bh6 17. Ne1 a5 18. Nd3 Nc8 19. Rhd1 Nd6 20. d5 Bxe3 21. fxe3
Ne4 22. Rac1 O-O-O 23. Nf2 Nc5 24. dxe6 fxe6 25. Rxd8+ Kxd8 26. Rd1+ Ke7 27.
Rd4 a4 28. b4 Na6 29. c5 e5 30. Rg4 Ke6 31. a3 Rh7 32. Nd1 f5 33. Rg6+ Kd5 34.
Nb2 Nc7 35. Rd6+ Ke4 36. Nc4 f4 37. gxf4 Nb5 38. Rg6 exf4 39. Rg4 Nc3+ 40. Kd2
Nd5 41. exf4 Kf5 42. Rg3 Kxf4 43. Nb2 Nf6 44. Nd3+ Ke4 45. Nf2+ Kd4 46. Rxh3
Rxh3 47. Nxh3 Kc4 48. Kc2 Ng4 49. Ng5 Nxh2 50. Ne4 Nf3 51. Nd6+ Kd5 52. Nxb7
Nd4+ 53. Kb2 Nb5 54. Nd8 Nc7 55. Nf7 Nb5 56. Nh6 Nd4 57. Ng4 Nb5 58. Ne3+ Kd4
59. Nf5+ Kd3 60. Ne7 Nd4 61. Nc8 Nb5 62. Nb6 Nc3 63. Nd7 Nd1+ 64. Kc1 Nf2 65.
b5 1-0

[Event "Lloyds Bank Masters 1st"]
[Site "London"]
[Date "1977.08.31"]
[Round "9.5"]
[White "Franklin, Michael J"]
[Black "Bellin, Robert"]
[Result "1/2-1/2"]
[WhiteElo "2300"]
[BlackElo "2400"]
[PlyCount "83"]
[EventDate "1977.08.26"]
[EventType "swiss"]
[EventRounds "10"]
[EventCountry "ENG"]

1. d4 g6 2. Nf3 Bg7 3. Bf4 d6 4. e3 Nd7 5. Bc4 Nb6 6. Bb3 Nf6 7. Nbd2 O-O 8. c3
a5 9. a3 Bf5 10. Qe2 Ne4 11. g4 Nxd2 12. Nxd2 Bd7 13. h4 a4 14. Ba2 e5 15. dxe5
dxe5 16. Bg5 Qc8 17. h5 Bxg4 18. f3 Bxh5 19. O-O-O Kh8 20. Rxh5 gxh5 21. f4 Qe8
22. f5 f6 23. Bh4 Rd8 24. Rg1 Qd7 25. Qg2 Qxd2+ 26. Qxd2 Rxd2 27. Kxd2 Rd8+ 28.
Ke2 Nc8 29. Be6 Ne7 30. e4 Rd6 31. Rd1 Rxd1 32. Kxd1 Ng8 33. Bf7 Bh6 34. Bxh5
Bg5 35. Bf2 Ne7 36. Bc5 Nc8 37. Bf7 Nd6 38. Bxd6 cxd6 39. Be8 Kg7 40. Bxa4 h5
41. Bb5 h4 42. Bf1 1/2-1/2

[Event "Lloyds Bank Masters 1st"]
[Site "London"]
[Date "1977.08.31"]
[Round "9.6"]
[White "Pritchett, Craig William"]
[Black "Hodgson, Julian M"]
[Result "1-0"]
[WhiteElo "2425"]
[BlackElo "2210"]
[PlyCount "67"]
[EventDate "1977.08.26"]
[EventType "swiss"]
[EventRounds "10"]
[EventCountry "ENG"]

1. c4 e6 2. Nf3 d5 3. g3 c5 4. cxd5 exd5 5. d4 Nc6 6. Bg2 Nf6 7. O-O Be7 8. b3
O-O 9. Bb2 Ne4 10. Nc3 Bf6 11. e3 Bg4 12. Ne2 Re8 13. h3 Bh5 14. g4 Bg6 15. Nf4
Rc8 16. Rc1 Qd7 17. Re1 h5 18. gxh5 Bf5 19. Ba1 cxd4 20. Nxd4 Bh4 21. Rf1 Nxd4
22. Rxc8 Nf3+ 23. Bxf3 Rxc8 24. Bg2 Nc3 25. Qd2 Bf6 26. Bxc3 Bxc3 27. Qxd5 Bf6
28. Qxd7 Bxd7 29. Rd1 Bb5 30. a4 Ba6 31. b4 Bc4 32. Rc1 Bb2 33. Rc2 Ba3 34. Bd5
1-0

[Event "Lloyds Bank Masters 1st"]
[Site "London"]
[Date "1977.08.31"]
[Round "9.7"]
[White "Speelman, Jonathan S"]
[Black "Bennett, Terry B"]
[Result "1-0"]
[WhiteElo "2395"]
[BlackElo "2265"]
[PlyCount "87"]
[EventDate "1977.08.26"]
[EventType "swiss"]
[EventRounds "10"]
[EventCountry "ENG"]

1. e4 e6 2. Nc3 d5 3. Nf3 d4 4. Ne2 c5 5. d3 Nc6 6. g3 e5 7. Bg2 Be7 8. O-O Bg4
9. h3 Be6 10. c3 f6 11. cxd4 cxd4 12. Nh4 Qd7 13. Kh2 g5 14. Nf5 O-O-O 15. a3
Bf8 16. b4 Nce7 17. f4 gxf4 18. Nxf4 Kb8 19. Nxe6 Qxe6 20. Qh5 Nxf5 21. exf5
Qe8 22. Qf3 Qd7 23. a4 Ne7 24. a5 Nd5 25. a6 b6 26. Bd2 Qb5 27. Rfc1 Be7 28.
Rc4 Rd7 29. Rac1 Rhd8 30. Ra1 Bf8 31. Kh1 Be7 32. g4 Rg8 33. Qe4 Rd6 34. g5
Rdd8 35. Rac1 Rd7 36. Bf3 Qxa6 37. Rxd4 exd4 38. Bf4+ Ka8 39. Qxd5+ Rxd5 40.
Bxd5+ Qb7 41. Bxb7+ Kxb7 42. Rc7+ Ka6 43. Rxe7 fxg5 44. Be5 1-0

[Event "Lloyds Bank Masters 1st"]
[Site "London"]
[Date "1977.08.31"]
[Round "9.8"]
[White "Nicholson, John G"]
[Black "Cooper, John G"]
[Result "1/2-1/2"]
[WhiteElo "2320"]
[BlackElo "2320"]
[PlyCount "48"]
[EventDate "1977.08.26"]
[EventType "swiss"]
[EventRounds "10"]
[EventCountry "ENG"]

1. e4 e5 2. Nf3 Nc6 3. Bb5 a6 4. Bxc6 dxc6 5. O-O f6 6. d4 Bg4 7. dxe5 Qxd1 8.
Rxd1 fxe5 9. Rd3 Bd6 10. Nbd2 Nf6 11. Nc4 O-O 12. Nfxe5 Be2 13. Re3 Bxc4 14.
Nxc4 Bc5 15. Re2 Rae8 16. Be3 Rxe4 17. Bxc5 Rxe2 18. Bxf8 Kxf8 19. Rc1 Nd5 20.
Kf1 Re4 21. Nd2 Rb4 22. b3 Nc3 23. a3 Rh4 24. Nf3 Rh5 1/2-1/2

[Event "Lloyds Bank Masters 1st"]
[Site "London"]
[Date "1977.08.31"]
[Round "9.9"]
[White "Vranesic, Zvonko"]
[Black "Kinlay, Jonathan"]
[Result "1-0"]
[WhiteElo "2400"]
[BlackElo "2275"]
[PlyCount "75"]
[EventDate "1977.08.26"]
[EventType "swiss"]
[EventRounds "10"]
[EventCountry "ENG"]

1. d4 Nf6 2. c4 c5 3. Nf3 e6 4. e3 d5 5. Nc3 Nc6 6. a3 a6 7. dxc5 Bxc5 8. b4
Ba7 9. Bb2 O-O 10. cxd5 exd5 11. Ne2 Bg4 12. Ned4 Rc8 13. Be2 Re8 14. O-O Bb8
15. Rc1 Qd6 16. g3 Bh3 17. Re1 Ne4 18. Nxc6 Rxc6 19. Qd4 Qh6 20. Rxc6 bxc6 21.
Rc1 Bd7 22. Bxa6 Re6 23. Bf1 f6 24. Qb6 Re8 25. Bd4 Bg4 26. Qxc6 Qh5 27. Bg2
Bd6 28. Qa4 Rd8 29. Nh4 g5 30. Qb3 gxh4 31. Bxe4 hxg3 32. Qxd5+ Kg7 33. Qxh5
gxf2+ 34. Kxf2 Bxh5 35. Rg1+ Kf8 36. Bxf6 Rc8 37. Bxh7 Bxh2 38. Rg8+ 1-0

[Event "Lloyds Bank Masters 1st"]
[Site "London"]
[Date "1977.08.31"]
[Round "9.10"]
[White "Wicker, Kevin J"]
[Black "Taulbut, Shaun M"]
[Result "1/2-1/2"]
[WhiteElo "2310"]
[BlackElo "2395"]
[PlyCount "55"]
[EventDate "1977.08.26"]
[EventType "swiss"]
[EventRounds "10"]
[EventCountry "ENG"]

1. b3 Nf6 2. Bb2 g6 3. e4 d6 4. g3 Bg7 5. Bg2 O-O 6. Ne2 e5 7. O-O c5 8. d3 Nc6
9. Nd2 a6 10. a4 Rb8 11. h3 b5 12. axb5 axb5 13. f4 exf4 14. Nxf4 Bb7 15. Nf3
Ra8 16. e5 Nxe5 17. Nxe5 Bxg2 18. Nxg2 dxe5 19. Bxe5 Qd5 20. Rxa8 Rxa8 21. Qf3
Qxf3 22. Rxf3 Nd5 23. Bxg7 Kxg7 24. Ne3 Nc3 25. Rf1 f5 26. Kf2 Kf6 27. Nd1 Nd5
28. Ne3 1/2-1/2

[Event "Lloyds Bank Masters 1st"]
[Site "London"]
[Date "1977.08.31"]
[Round "9.11"]
[White "Law, Andrew P"]
[Black "Pagden, Michael A"]
[Result "1/2-1/2"]
[WhiteElo "2400"]
[BlackElo "2135"]
[PlyCount "46"]
[EventDate "1977.08.26"]
[EventType "swiss"]
[EventRounds "10"]
[EventCountry "ENG"]

1. Nf3 Nf6 2. c4 g6 3. Nc3 Bg7 4. d4 O-O 5. Bg5 d6 6. e3 c6 7. Be2 Nbd7 8. Qc2
e5 9. Rd1 Qe7 10. O-O h6 11. Bh4 g5 12. Bg3 Nh5 13. dxe5 dxe5 14. Nd2 Nf4 15.
exf4 exf4 16. Bxf4 gxf4 17. Rfe1 Ne5 18. Nf3 Nxf3+ 19. Bxf3 Qf6 20. Qd2 Be6 21.
Re4 Rad8 22. Qxf4 Qxf4 23. Rxf4 Bxc3 1/2-1/2

[Event "Lloyds Bank Masters 1st"]
[Site "London"]
[Date "1977.08.31"]
[Round "9.12"]
[White "Waters, Peter John"]
[Black "Martin, Andrew D"]
[Result "1/2-1/2"]
[WhiteElo "2320"]
[BlackElo "2330"]
[PlyCount "46"]
[EventDate "1977.08.26"]
[EventType "swiss"]
[EventRounds "10"]
[EventCountry "ENG"]

1. e4 c5 2. Nf3 Nc6 3. Bb5 g6 4. O-O Bg7 5. Re1 Nf6 6. c3 O-O 7. e5 Nd5 8. d4
cxd4 9. cxd4 d6 10. h3 Bf5 11. exd6 Qxd6 12. Nc3 Rfd8 13. Bg5 Qb4 14. Bxc6 bxc6
15. Qd2 Nf6 16. Bh6 c5 17. Bxg7 Kxg7 18. a3 Qb7 19. Re5 Bxh3 20. Rxc5 Rac8 21.
Rb5 Qa6 22. Re5 Bg4 23. Qe3 Bxf3 1/2-1/2

[Event "Lloyds Bank Masters 1st"]
[Site "London"]
[Date "1977.08.31"]
[Round "9.15"]
[White "James, Geoffrey H"]
[Black "Benjamin, Jonathan C"]
[Result "1/2-1/2"]
[WhiteElo "2230"]
[BlackElo "2135"]
[PlyCount "30"]
[EventDate "1977.08.26"]
[EventType "swiss"]
[EventRounds "10"]
[EventCountry "ENG"]

1. e4 c5 2. Nf3 d6 3. d4 cxd4 4. Nxd4 Nf6 5. Nc3 Nc6 6. Be2 g6 7. O-O Bg7 8.
Be3 O-O 9. Qd2 Ng4 10. Bxg4 Bxg4 11. f4 Nxd4 12. Bxd4 e5 13. Be3 exf4 14. Rxf4
Be6 15. Rf2 Be5 {Source: GH James via Brian Denman, 23 September 2020} 1/2-1/2

[Event "Lloyds Bank Masters 1st"]
[Site "London"]
[Date "1977.08.31"]
[Round "9.19"]
[White "Large, Peter G"]
[Black "Pein, Malcolm"]
[Result "1-0"]
[WhiteElo "2280"]
[BlackElo "2105"]
[PlyCount "47"]
[EventDate "1977.08.26"]
[EventType "swiss"]
[EventRounds "10"]
[EventCountry "ENG"]

1. e4 d6 2. d4 Nf6 3. Nc3 g6 4. f4 Bg7 5. Nf3 O-O 6. Bd3 Nc6 7. e5 dxe5 8. dxe5
Nd5 9. Bd2 Bf5 10. Bxf5 Nxc3 11. Bxc3 gxf5 12. Qe2 e6 13. Rg1 Kh8 14. g4 f6 15.
gxf5 fxe5 16. Rd1 Nd4 17. Nxd4 Qh4+ 18. Qf2 Qxf2+ 19. Kxf2 exd4 20. Rxd4 c5 21.
Rxg7 cxd4 22. Bxd4 Rfd8 23. Be5 exf5 24. Rg1# 1-0

[Event "Lloyds Bank Masters 1st"]
[Site "London"]
[Date "1977.08.31"]
[Round "9.20"]
[White "Hanreck, Alan E"]
[Black "Crouch, Colin S"]
[Result "1/2-1/2"]
[WhiteElo "2270"]
[BlackElo "2300"]
[PlyCount "94"]
[EventDate "1977.08.26"]
[EventType "swiss"]
[EventRounds "10"]
[EventCountry "ENG"]

1. e4 c5 2. Nf3 Nc6 3. d4 cxd4 4. Nxd4 Nf6 5. Nc3 e5 6. Ndb5 d6 7. Bg5 a6 8.
Na3 b5 9. Nd5 Be7 10. Bxf6 Bxf6 11. c3 O-O 12. Nc2 Bg5 13. a4 bxa4 14. Rxa4 Kh8
15. Bd3 g6 16. Qa1 a5 17. O-O Be6 18. Nce3 f5 19. b4 Bxe3 20. Nxe3 Bb3 21. Ra3
axb4 22. Rxa8 Qxa8 23. Qb2 Qa2 24. Rb1 fxe4 25. Bxe4 bxc3 26. Qxb3 Qxf2+ 27.
Kh1 Qxe3 28. Bxc6 Qd2 29. Be4 Qd4 30. Bf3 e4 31. Bxe4 Qxe4 32. Qxc3+ Qe5 33.
Qxe5+ dxe5 34. g3 Kg7 35. Rb6 h5 36. Kg2 Rf6 37. Rb7+ Rf7 38. Rb6 Rf5 39. Ra6
Kh6 40. Re6 Kg5 41. h4+ Kh6 42. Re7 g5 43. Re6+ Kg7 44. hxg5 Kf7 45. Rh6 Rxg5
46. Kf3 Kg7 47. Re6 Kf7 1/2-1/2

[Event "Lloyds Bank Masters 1st"]
[Site "London"]
[Date "1977.08.31"]
[Round "9.22"]
[White "Fuller, Maxwell L"]
[Black "Henshaw, John C"]
[Result "1-0"]
[WhiteElo "2365"]
[BlackElo "2170"]
[PlyCount "133"]
[EventDate "1977.08.26"]
[EventType "swiss"]
[EventRounds "10"]
[EventCountry "ENG"]

1. d4 Nf6 2. c4 d6 3. Nc3 Nbd7 4. e4 e5 5. d5 Nc5 6. f3 a5 7. Be3 Be7 8. Qd2
O-O 9. Nge2 c6 10. O-O-O cxd5 11. cxd5 Ne8 12. Nb5 Bd7 13. Nec3 Rc8 14. Kb1 a4
15. Be2 Qa5 16. Rc1 Nc7 17. Nxc7 Rxc7 18. Nb5 Qxd2 19. Bxd2 Rcc8 20. Be3 b6 21.
Nc3 f5 22. Bb5 Bxb5 23. Nxb5 fxe4 24. fxe4 Nxe4 25. Bxb6 Rc4 26. Rxc4 Nd2+ 27.
Kc2 Nxc4 28. Ba7 Rc8 29. Nc3 Ra8 30. Bf2 Bg5 31. Ne4 Bd8 32. Rb1 Ba5 33. Kd3
Rc8 34. b3 axb3 35. axb3 Na3 36. Ra1 Bb4 37. Be3 Nc2 38. Ra4 h6 39. Bf2 Kh7 40.
g4 Kg8 41. Ra6 Ba3 42. Ke2 Bb4 43. Rc6 Rxc6 44. dxc6 Ba5 45. Nxd6 Nb4 46. Be1
Nxc6 47. Bxa5 Nxa5 48. b4 Nc6 49. b5 Nb8 50. Ke3 Nd7 51. Ke4 g6 52. Kd5 Kf8 53.
Ke6 Nc5+ 54. Kxe5 Ke7 55. Ne4 Nd7+ 56. Kd5 Nb6+ 57. Kc5 Nd7+ 58. Kd4 Nb6 59.
Nd2 Kf6 60. h4 h5 61. Ne4+ Ke6 62. gxh5 gxh5 63. Ng3 Kf6 64. Kc5 Na4+ 65. Kc6
Ke5 66. Nxh5 Kf5 67. Ng3+ {Source: John Henshaw via Brian Denman, 23 September
2020} 1-0

[Event "Lloyds Bank Masters 1st"]
[Site "London"]
[Date "1977.08.31"]
[Round "9.23"]
[White "Patrick, David I"]
[Black "King, Daniel J"]
[Result "1/2-1/2"]
[WhiteElo "2290"]
[BlackElo "2105"]
[PlyCount "84"]
[EventDate "1977.08.26"]
[EventType "swiss"]
[EventRounds "10"]
[EventCountry "ENG"]

1. e4 c5 2. Nf3 Nc6 3. d4 cxd4 4. Nxd4 Nf6 5. Nc3 e5 6. Ndb5 d6 7. Bg5 a6 8.
Bxf6 gxf6 9. Na3 b5 10. Nd5 f5 11. Bd3 Be6 12. c3 Bg7 13. Qh5 O-O 14. exf5 Bxd5
15. f6 e4 16. fxg7 Re8 17. Be2 Re5 18. Qh6 Rg5 19. Nc2 Bc4 20. Ne3 Bxe2 21.
Kxe2 b4 22. Rhd1 Rg6 23. Qf4 bxc3 24. bxc3 Rb8 25. Qxe4 Rb2+ 26. Kf1 Ne7 27.
Nc4 Rb5 28. Rab1 Rxb1 29. Qxb1 Qc7 30. Ne3 Qxc3 31. Qe4 Qe5 32. Qa8+ Kxg7 33.
Qxa6 Qxh2 34. Qa7 Qh1+ 35. Ke2 Qh5+ 36. g4 Qb5+ 37. Rd3 Re6 38. Qd4+ f6 39. a4
Qa6 40. Kf1 Nc6 41. Qc4 Qxc4 42. Nxc4 Re4 1/2-1/2

[Event "Lloyds Bank Masters 1st"]
[Site "London"]
[Date "1977.08.31"]
[Round "9.24"]
[White "Knott, Simon JB"]
[Black "Bailey, Richard"]
[Result "1/2-1/2"]
[WhiteElo "2110"]
[BlackElo "2305"]
[PlyCount "72"]
[EventDate "1977.08.26"]
[EventType "swiss"]
[EventRounds "10"]
[EventCountry "ENG"]

1. c4 g6 2. Nc3 Bg7 3. d4 Nf6 4. e4 d6 5. Nf3 O-O 6. Be2 e5 7. O-O Nc6 8. d5
Ne7 9. Ne1 Nd7 10. Nd3 f5 11. Bd2 Nf6 12. f3 f4 13. c5 g5 14. Rc1 Ng6 15. cxd6
cxd6 16. Nb5 Rf7 17. Qc2 Ne8 18. a4 h5 19. Nf2 a6 20. Na3 Nf6 21. Nc4 g4 22.
Ba5 Qf8 23. Nb6 g3 24. Nd3 Bd7 25. Nxa8 Qxa8 26. Qc7 Qf8 27. Qd8 gxh2+ 28. Kh1
Ne8 29. Be1 Bf6 30. Qb6 Rg7 31. g4 hxg4 32. fxg4 Nh4 33. Bxh4 Bxh4 34. Bf3 Bxa4
35. Rc8 Bb5 36. Rd1 Qe7 1/2-1/2

[Event "Lloyds Bank Masters 1st"]
[Site "London"]
[Date "1977.08.31"]
[Round "9.27"]
[White "Harding, Timothy David"]
[Black "Trevelyan, John"]
[Result "1-0"]
[WhiteElo "2250"]
[BlackElo "2205"]
[PlyCount "41"]
[EventDate "1977.08.26"]
[EventType "swiss"]
[EventRounds "10"]
[EventCountry "ENG"]

1. c4 Nf6 2. Nc3 g6 3. e4 d6 4. d4 Bg7 5. f3 O-O 6. Be3 Nbd7 7. Qd2 c5 8. Nge2
Qa5 9. Rd1 a6 10. Nc1 Rb8 11. Nb3 Qb4 12. Qc2 cxd4 13. a3 Qb6 14. Nxd4 Qa5 15.
b4 Qc7 16. Be2 Nb6 17. Qb3 e5 18. Ndb5 axb5 19. Nxb5 Qd8 20. Bxb6 Qxb6 21. Rxd6
{Source: CHESS, October 1977, Vol.43 Nos.779-780, p17} 1-0

[Event "Lloyds Bank Masters 1st"]
[Site "London"]
[Date "1977.08.31"]
[Round "9.29"]
[White "Williams, Tony M"]
[Black "Lee, Martin A"]
[Result "1-0"]
[WhiteElo "2095"]
[BlackElo "2105"]
[PlyCount "81"]
[EventDate "1977.08.26"]
[EventType "swiss"]
[EventRounds "10"]
[EventCountry "ENG"]

1. c4 g6 2. Nc3 Bg7 3. g3 e5 4. Bg2 d6 5. e4 Nc6 6. d3 Nge7 7. Nge2 O-O 8. O-O
Be6 9. Nd5 f5 10. Rb1 a5 11. a3 Kh8 12. b4 axb4 13. axb4 Qd7 14. b5 Nd8 15. Be3
Nf7 16. Qd2 Nc8 17. c5 dxc5 18. Bxc5 Ncd6 19. Rfc1 fxe4 20. dxe4 Rfc8 21. Qb4
Bf8 22. b6 Bxd5 23. exd5 cxb6 24. Qxb6 Ra6 25. Qb2 b6 26. Bxd6 Bxd6 27. Nf4 Ba3
28. Qe2 Rca8 29. Bh3 Qe8 30. Ne6 Bxc1 31. Nc7 Qe7 32. Nxa8 Rxa8 33. Rxc1 Rb8
34. Be6 Kg7 35. Rc6 Rb7 36. Bxf7 Kxf7 37. Re6 Qc7 38. Qf3+ Kg7 39. Qf6+ Kh6 40.
Rxe5 Qf7 41. Rh5+ 1-0

[Event "Lloyds Bank Masters 1st"]
[Site "London"]
[Date "1977.08.31"]
[Round "9.31"]
[White "Emerson, Roger"]
[Black "O'Brien, Richard W"]
[Result "1-0"]
[WhiteElo "2225"]
[BlackElo "2000"]
[PlyCount "79"]
[EventDate "1977.08.26"]
[EventType "swiss"]
[EventRounds "10"]
[EventCountry "ENG"]
[SourceTitle "Roger Emerson"]
[Source "BritBase"]
[SourceDate "2020.09.21"]
[SourceVersion "1"]
[SourceVersionDate "2020.09.21"]
[SourceQuality "1"]

1. e4 c5 2. Nf3 Nc6 3. d4 cxd4 4. Nxd4 Nf6 5. Nc3 e5 6. Ndb5 d6 7. Nd5 Nxd5 8.
exd5 Ne7 9. c4 Ng6 10. Be2 a6 11. Nc3 f5 12. O-O Be7 13. b4 O-O 14. Ba3 b5 15.
c5 Nf4 16. c6 Qe8 17. Bc1 Nxe2+ 18. Qxe2 f4 19. f3 Qh5 20. Ne4 a5 21. Bd2 a4
22. Qxb5 Ba6 23. Qb6 Bxf1 24. Rxf1 Qf7 25. Qb5 Rfc8 26. Qc4 Qf8 27. b5 Bd8 28.
Bb4 Bc7 29. Kh1 Rcb8 30. Rb1 Qe7 31. Ba3 Rb6 32. Nc3 h5 33. Nxa4 g5 34. Nxb6
Bxb6 35. Bc1 g4 36. Qe4 Kg7 37. Bxf4 Rxa2 38. Be3 Bxe3 39. Qxe3 Qh4 40. fxg4 {
Source: Roger Emerson} 1-0

[Event "Lloyds Bank Masters 1st"]
[Site "London"]
[Date "1977.09.01"]
[Round "10.1"]
[White "Quinteros, Miguel"]
[Black "Nunn, John DM"]
[Result "1-0"]
[WhiteElo "2555"]
[BlackElo "2410"]
[Annotator "Quinteros, Miguel"]
[PlyCount "35"]
[EventDate "1977.08.26"]
[EventType "swiss"]
[EventRounds "10"]
[EventCountry "ENG"]

1. c4 Nf6 2. Nc3 e6 3. e4 ({Avoiding Nunn's intended Tarrasch} 3. d4 c5) 3...
d5 ({The probably better alternative is} 3... c5 4. e5 Ng8 {when} 5. d4 ({
but the gambit} 5. Nf3 Nc6 6. d4 cxd4 7. Nxd4 Nxe5 8. Ndb5 {is keenly debated})
5... cxd4 6. Qxd4 Nc6 7. Qe4 f5 8. Qe2 Bb4 {gives Black an easy game}) 4. e5
Nfd7 $2 (4... Ne4 {is the critical move.}) (4... d4 5. exf6 dxc3 6. bxc3 Qxf6
7. d4 c5 8. Nf3 {favoured White in two games from Wijk aan Zee 1976.
Dvoretsky-Langeweg continued} h6 ({while Tal-Sosonko went} 8... cxd4 9. Bg5 Qf5
({maybe} 9... Qg6 {is better}) 10. cxd4 Bb4+ 11. Bd2 Nc6 12. Bxb4 Nxb4 13. Rb1
Nc6 ({In a later game, Miles-Sosonko, Tilburg 1977, Sosonko tried to improve by
} 13... Qa5 14. Qd2 Nc6 15. Bd3 Qxd2+ 16. Kxd2 b6 {but after} 17. Rhc1 Ba6 18.
Be4 Bb7 19. c5 {White won quickly.}) 14. Bd3 Qf6 15. Be4) 9. Bd3 Bd6 10. O-O
O-O 11. Qe2 Rd8 $2 12. Qe4 Qf5 13. Qh4 Qf6 14. Qxf6 gxf6 15. Bxh6) 5. cxd5 exd5
6. d4 c5 7. Nf3 Nc6 8. Bb5 $1 {The same strong move with which Smyslov beat
Farago at Hastings 1976/77. I could not remember the Smyslov game exactly, but
was confident that Black was in difficulties.} cxd4 ({The Hastings game
finished} 8... a6 9. Bxc6 bxc6 10. O-O Be7 11. dxc5 Nxc5 12. Nd4 Qb6 13. Be3
O-O 14. Rc1 Rd8 15. b4 Ne4 16. Na4 Qb7 17. Nxc6 Re8 {1-0}) 9. Nxd4 Ndxe5 10.
Qe2 $1 {Smyslov mentioned this in his analysis to the Farago game.} Qe7 (10...
f6 {now fails to} 11. Nxc6 bxc6 12. Bxc6+ {, so Black;'s desperate answer is
forced.}) 11. Nxd5 Nd3+ 12. Bxd3 Nxd4 13. Qxe7+ ({Avoiding Black's last trap:} 
13. Nxe7 Nxe2 14. Nxc8 Nd4 $1 15. Be3 Nc6 16. Bf5 g6 17. Bh3 f5 18. Nxa7 Bb4+ {
with counterplay.}) 13... Bxe7 14. Nc7+ Kd8 15. Nxa8 Bb4+ 16. Bd2 Re8+ 17. Kd1
Bxd2 ({Or} 17... Bg4+ 18. f3 Nxf3 19. gxf3 {and wins.}) 18. Kxd2 {White wins
easily on material. (Sources: Quinteros's notes in the bulletin; CHESS,
October 1977, Vol.43 Nos.779-780, p16. 250 pounds first prize and Lloyds Bank
Trophy for Quinteros)} 1-0

[Event "Lloyds Bank Masters 1st"]
[Site "London"]
[Date "1977.09.01"]
[Round "10.3"]
[White "Hartston, William Roland"]
[Black "Speelman, Jonathan S"]
[Result "1/2-1/2"]
[WhiteElo "2475"]
[BlackElo "2395"]
[PlyCount "29"]
[EventDate "1977.08.26"]
[EventType "swiss"]
[EventRounds "10"]
[EventCountry "ENG"]

1. d4 Nf6 2. c4 g6 3. Nc3 Bg7 4. Nf3 O-O 5. Bg5 h6 6. Bh4 d6 7. e3 c6 8. Be2 a6
9. O-O b5 10. a3 Nbd7 11. Rc1 Bb7 12. Nd2 Nb6 13. b4 bxc4 14. Nxc4 Nxc4 15.
Bxc4 {IM norm for Speelman} 1/2-1/2